=LDR 00000nam 2200000 4500 =001 INLIS000000000050933 =005 20170807090256 =035 ##$$a 0010-0817000116 =007 ta =008 170807###########################0###### =020 ##$$a 978-602-6328-13-7 =082 ##$$a 650.1 =084 ##$$a 650.1 ILM u =100 #$$a Ilman Akbar =245 1#$$a Unstoppable : $b Berani Gagal, Berani Bangkit, Berani Sukses /$c Ilman Akbar =250 ##$$a cet.1 =260 ##$$a Solo :$b Metaqnaf,$c 2016 =300 ##$$a 259 hlm : $b ilus. ; $c 21 cm =650 ##$$a Sukses dalam Bisnis =990 ##$$a 90209020 =990 ##$$a 31701626